[Event "DEM U18w 2021"]
[Site "Willingen GER"]
[Date "2021.08.26"]
[Round "5"]
[White "Rudolph, Eva"]
[Black "Cheredzhiyska, Iva"]
[Result "1/2-1/2"]
[Termination "normal"]
[Board "8"]
[WhiteElo "1790"]
[BlackElo "1571"]
[WhiteClock "00:02:06"]
[BlackClock "00:02:04"]
[PlyCount "133"]
[WhiteFideId "16200594"]
[BlackFideId "16241622"]
[EventCountry "GER"]
[EventRounds "9"]
[EventType "swiss"]
[EventDate "2021.08.22"]

1. d4 {[%clk 1:30:57]} d5 {[%clk 1:30:34]} 2. c4 {[%clk 1:31:21]} e6 {[%clk
1:30:59]} 3. Nc3 {[%clk 1:31:44]} Nf6 {[%clk 1:31:21]} 4. Bg5 {[%clk 1:32:07]}
Be7 {[%clk 1:31:43]} 5. Nf3 {[%clk 1:32:21]} c6 {[%clk 1:25:27]} 6. e3 {[%clk
1:32:25]} O-O {[%clk 1:23:42]} 7. Bd3 {[%clk 1:32:42]} Nbd7 {[%clk 1:20:08]} 8.
O-O {[%clk 1:32:51]} h6 {[%clk 1:19:48]} 9. Bh4 {[%clk 1:33:12]} Ne8 {[%clk
1:19:16]} 10. Bxe7 {[%clk 1:29:16]} Qxe7 {[%clk 1:19:39]} 11. Rc1 {[%clk
1:28:31]} Nd6 {[%clk 1:16:35]} 12. c5 {[%clk 1:10:54]} Nf5 {[%clk 1:10:48]} 13.
b4 {[%clk 1:06:16]} a6 {[%clk 0:57:46]} 14. Qb3 {[%clk 1:01:21]} Qf6 {[%clk
0:56:48]} 15. Rfd1 {[%clk 0:45:16]} e5 {[%clk 0:45:55]} 16. Nxe5 {[%clk
0:38:11]} Nxe5 {[%clk 0:46:15]} 17. dxe5 {[%clk 0:38:38]} Qxe5 {[%clk 0:46:31]}
18. Ne2 {[%clk 0:35:38]} Kh8 {[%clk 0:43:14]} 19. Bc2 {[%clk 0:31:05]} Nh4
{[%clk 0:36:16]} 20. Rd4 {[%clk 0:25:40]} Qg5 {[%clk 0:35:17]} 21. Ng3 {[%clk
0:24:53]} Bh3 {[%clk 0:29:27]} 22. Rxh4 {[%clk 0:15:19]} Qxh4 {[%clk 0:29:49]}
23. gxh3 {[%clk 0:13:37]} Qxh3 {[%clk 0:28:39]} 24. Qd3 {[%clk 0:09:24]} g6
{[%clk 0:28:30]} 25. Qd4+ {[%clk 0:08:21]} Kh7 {[%clk 0:28:37]} 26. Qf6 {[%clk
0:06:22]} Qe6 {[%clk 0:28:12]} 27. Qh4 {[%clk 0:05:44]} f5 {[%clk 0:26:35]} 28.
Rd1 {[%clk 0:05:15]} Qf6 {[%clk 0:24:04]} 29. Qf4 {[%clk 0:05:04]} Rf7 {[%clk
0:22:24]} 30. Rd4 {[%clk 0:04:52]} Qg5 {[%clk 0:19:47]} 31. Qd6 {[%clk
0:04:19]} Rd8 {[%clk 0:19:18]} 32. h4 {[%clk 0:02:47]} Rxd6 {[%clk 0:16:38]}
33. hxg5 {[%clk 0:03:16]} Re6 {[%clk 0:16:20]} 34. gxh6 {[%clk 0:02:34]} Kxh6
{[%clk 0:16:34]} 35. Kg2 {[%clk 0:01:48]} Kg5 {[%clk 0:12:45]} 36. Rf4 {[%clk
0:01:40]} Re5 {[%clk 0:12:05]} 37. Ne2 {[%clk 0:01:49]} Re8 {[%clk 0:10:51]}
38. Nd4 {[%clk 0:02:04]} Rh8 {[%clk 0:09:37]} 39. Nf3+ {[%clk 0:01:17]} Kf6
{[%clk 0:09:41]} 40. Rh4 {[%clk 0:01:13]} Rfh7 {[%clk 0:08:36]} 41. Kg3 {[%clk
0:29:48]} Rh6 {[%clk 0:29:37]} 42. Bd3 {[%clk 0:28:54]} g5 {[%clk 0:24:55]} 43.
Rxh6+ {[%clk 0:26:32]} Rxh6 {[%clk 0:25:20]} 44. Nd4 {[%clk 0:26:24]} f4+
{[%clk 0:25:18]} 45. exf4 {[%clk 0:25:54]} gxf4+ {[%clk 0:25:44]} 46. Kxf4
{[%clk 0:25:45]} Rh4+ {[%clk 0:22:50]} 47. Ke3 {[%clk 0:26:03]} Rh5 {[%clk
0:21:35]} 48. a4 {[%clk 0:19:12]} Re5+ {[%clk 0:18:20]} 49. Kd2 {[%clk
0:18:08]} Re8 {[%clk 0:17:58]} 50. Nxc6 {[%clk 0:07:39]} bxc6 {[%clk 0:16:44]}
51. Bxa6 {[%clk 0:08:05]} Re4 {[%clk 0:13:26]} 52. b5 {[%clk 0:06:13]} Rxa4
{[%clk 0:08:59]} 53. b6 {[%clk 0:05:23]} Rb4 {[%clk 0:09:24]} 54. Kc3 {[%clk
0:02:38]} Rb1 {[%clk 0:09:15]} 55. Bd3 {[%clk 0:02:30]} Rh1 {[%clk 0:09:25]}
56. Kb4 {[%clk 0:02:09]} Ke5 {[%clk 0:05:38]} 57. b7 {[%clk 0:01:51]} Rh8
{[%clk 0:05:48]} 58. Ka5 {[%clk 0:00:49]} Kd4 {[%clk 0:05:53]} 59. Kb6 {[%clk
0:00:54]} Kxd3 {[%clk 0:01:56]} 60. Kxc6 {[%clk 0:01:21]} d4 {[%clk 0:01:18]}
61. Kc7 {[%clk 0:01:29]} Ke2 {[%clk 0:00:47]} 62. c6 {[%clk 0:01:12]} d3 {[%clk
0:00:53]} 63. b8=Q {[%clk 0:01:24]} Rxb8 {[%clk 0:01:17]} 64. Kxb8 {[%clk
0:01:53]} Kxf2 {[%clk 0:01:27]} 65. c7 {[%clk 0:01:46]} d2 {[%clk 0:01:48]} 66.
c8=Q {[%clk 0:02:06]} d1=Q {[%clk 0:02:04]} 67. Qe8 1/2-1/2

[Event "DEM U18w 2021"]
[Site "Willingen GER"]
[Date "2021.08.26"]
[Round "5"]
[White "Schilay, Maria"]
[Black "Nizamova, Rita"]
[Result "1/2-1/2"]
[Termination "normal"]
[Board "9"]
[WhiteElo "1481"]
[BlackElo "1754"]
[WhiteClock "00:03:32"]
[BlackClock "00:03:43"]
[PlyCount "129"]
[WhiteFideId "12942979"]
[BlackFideId "16221940"]
[EventCountry "GER"]
[EventRounds "9"]
[EventType "swiss"]
[EventDate "2021.08.22"]

1. e4 {[%clk 1:30:53]} e5 {[%clk 1:30:57]} 2. Nf3 {[%clk 1:31:07]} Nc6 {[%clk
1:31:23]} 3. Nc3 {[%clk 1:31:11]} Nf6 {[%clk 1:31:50]} 4. a3 {[%clk 1:31:03]}
d5 {[%clk 1:32:08]} 5. Bb5 {[%clk 1:30:39]} Nxe4 {[%clk 1:31:04]} 6. Qe2 {[%clk
1:30:08]} Nxc3 {[%clk 1:13:19]} 7. Qxe5+ {[%clk 1:26:43]} Be7 {[%clk 0:56:33]}
8. dxc3 {[%clk 1:21:00]} O-O {[%clk 0:55:48]} 9. Qe2 {[%clk 1:10:36]} Bc5
{[%clk 0:48:17]} 10. O-O {[%clk 1:02:26]} Bg4 {[%clk 0:38:24]} 11. Qd3 {[%clk
0:55:18]} Re8 {[%clk 0:31:22]} 12. Bf4 {[%clk 0:36:06]} Re6 {[%clk 0:19:51]}
13. h3 {[%clk 0:30:18]} Bxf3 {[%clk 0:15:44]} 14. Qxf3 {[%clk 0:30:07]} a6
{[%clk 0:14:34]} 15. Bd3 {[%clk 0:28:05]} Bb6 {[%clk 0:13:22]} 16. Qg3 {[%clk
0:24:29]} Qe7 {[%clk 0:11:22]} 17. Rad1 {[%clk 0:18:25]} d4 {[%clk 0:06:46]}
18. Bf5 {[%clk 0:13:18]} Re2 {[%clk 0:06:29]} 19. cxd4 {[%clk 0:08:13]} Nxd4
{[%clk 0:05:09]} 20. Bd3 {[%clk 0:08:01]} Re6 {[%clk 0:05:03]} 21. Be3 {[%clk
0:06:18]} Rg6 {[%clk 0:02:38]} 22. Qf4 {[%clk 0:04:46]} Rd6 {[%clk 0:01:14]}
23. Bxd4 {[%clk 0:03:26]} Rxd4 {[%clk 0:01:27]} 24. Bxh7+ {[%clk 0:03:06]} Kxh7
{[%clk 0:01:33]} 25. Rxd4 {[%clk 0:03:13]} Bxd4 {[%clk 0:01:48]} 26. Qxd4
{[%clk 0:03:31]} Rd8 {[%clk 0:01:22]} 27. Qc3 {[%clk 0:03:16]} c6 {[%clk
0:00:50]} 28. Re1 {[%clk 0:02:44]} Qg5 {[%clk 0:00:45]} 29. Re2 {[%clk
0:01:37]} Qc1+ {[%clk 0:00:38]} 30. Kh2 {[%clk 0:01:47]} Rd1 {[%clk 0:00:40]}
31. Qf3 {[%clk 0:01:33]} Rh1+ {[%clk 0:00:57]} 32. Kg3 {[%clk 0:01:58]} Qg5+
{[%clk 0:00:48]} 33. Qg4 {[%clk 0:02:14]} Qxg4+ {[%clk 0:00:37]} 34. Kxg4
{[%clk 0:02:35]} Rg1 {[%clk 0:00:59]} 35. Kf3 {[%clk 0:02:36]} Rc1 {[%clk
0:01:03]} 36. Ke3 {[%clk 0:02:09]} Kg6 {[%clk 0:01:09]} 37. Kd2 {[%clk
0:01:39]} Rb1 {[%clk 0:01:32]} 38. b3 {[%clk 0:01:24]} Rg1 {[%clk 0:01:38]} 39.
g3 {[%clk 0:01:40]} Kf6 {[%clk 0:00:44]} 40. Re3 {[%clk 0:00:44]} g5 {[%clk
0:00:35]} 41. Re4 {[%clk 0:29:34]} Rf1 {[%clk 0:25:09]} 42. f4 {[%clk 0:22:57]}
Rf2+ {[%clk 0:17:16]} 43. Kd3 {[%clk 0:22:44]} Rh2 {[%clk 0:15:25]} 44. fxg5+
{[%clk 0:21:59]} Kxg5 {[%clk 0:15:41]} 45. h4+ {[%clk 0:21:51]} Kf6 {[%clk
0:15:33]} 46. Re2 {[%clk 0:19:36]} Rh3 {[%clk 0:14:49]} 47. Rg2 {[%clk
0:19:39]} Kf5 {[%clk 0:13:39]} 48. Kd4 {[%clk 0:15:31]} Kg4 {[%clk 0:11:06]}
49. Rf2 {[%clk 0:10:58]} f5 {[%clk 0:09:17]} 50. Rf4+ {[%clk 0:10:06]} Kxg3
{[%clk 0:09:06]} 51. Ke5 {[%clk 0:09:40]} Rh2 {[%clk 0:07:09]} 52. Kxf5 {[%clk
0:08:28]} Rxc2 {[%clk 0:07:17]} 53. Rg4+ {[%clk 0:06:55]} Kf3 {[%clk 0:07:30]}
54. Rg7 {[%clk 0:06:15]} Rc5+ {[%clk 0:07:43]} 55. Ke6 {[%clk 0:05:27]} Rb5
{[%clk 0:07:06]} 56. h5 {[%clk 0:05:20]} Rxh5 {[%clk 0:06:03]} 57. Rxb7 {[%clk
0:05:21]} Ke4 {[%clk 0:05:50]} 58. Kd6 {[%clk 0:05:10]} c5 {[%clk 0:04:02]} 59.
Rb6 {[%clk 0:03:21]} Kd4 {[%clk 0:04:19]} 60. Kc6 {[%clk 0:02:23]} Rh6+ {[%clk
0:02:26]} 61. Kb7 {[%clk 0:02:32]} Rxb6+ {[%clk 0:02:29]} 62. Kxb6 {[%clk
0:02:55]} Kc3 {[%clk 0:02:49]} 63. Kxc5 Kxb3 {[%clk 0:03:17]} 64. Kb6 {[%clk
0:03:32]} Kxa3 {[%clk 0:03:43]} 65. Kxa6 1/2-1/2

[Event "DEM U18w 2021"]
[Site "Willingen GER"]
[Date "2021.08.26"]
[Round "5"]
[White "Jacoby, Angelina"]
[Black "Biermann, Sophie"]
[Result "1-0"]
[Termination "normal"]
[Board "10"]
[WhiteElo "1594"]
[BlackElo "1652"]
[WhiteClock "00:03:43"]
[BlackClock "00:00:32"]
[PlyCount "79"]
[WhiteFideId "12999008"]
[BlackFideId "16208960"]
[EventCountry "GER"]
[EventRounds "9"]
[EventType "swiss"]
[EventDate "2021.08.22"]

1. e4 {[%clk 1:30:50]} d5 {[%clk 1:30:43]} 2. exd5 {[%clk 1:31:12]} Qxd5 {[%clk
1:31:09]} 3. Nc3 {[%clk 1:31:29]} Qa5 {[%clk 1:31:30]} 4. Bc4 {[%clk 1:31:36]}
Nf6 {[%clk 1:31:25]} 5. d3 {[%clk 1:31:46]} c6 {[%clk 1:29:55]} 6. Bd2 {[%clk
1:21:26]} Qc7 {[%clk 1:23:00]} 7. h3 {[%clk 1:18:32]} h6 {[%clk 1:18:46]} 8.
Qe2 {[%clk 1:15:22]} Bf5 {[%clk 1:18:24]} 9. g4 {[%clk 1:09:12]} Bh7 {[%clk
1:12:33]} 10. O-O-O {[%clk 1:04:14]} Nbd7 {[%clk 1:10:11]} 11. f4 {[%clk
1:03:14]} b5 {[%clk 1:07:31]} 12. Bb3 {[%clk 1:00:06]} a5 {[%clk 1:06:45]} 13.
a3 {[%clk 0:59:18]} b4 {[%clk 1:02:05]} 14. Nb1 {[%clk 0:58:58]} Nc5 {[%clk
0:52:50]} 15. Bc4 {[%clk 0:55:40]} Nd5 {[%clk 0:41:22]} 16. f5 {[%clk 0:49:43]}
Rb8 {[%clk 0:32:43]} 17. Nf3 {[%clk 0:43:41]} Qb6 {[%clk 0:26:45]} 18. axb4
{[%clk 0:36:20]} Nxb4 {[%clk 0:22:36]} 19. Bc3 {[%clk 0:28:02]} Na4 {[%clk
0:16:43]} 20. Kd2 {[%clk 0:24:45]} Nd5 {[%clk 0:14:45]} 21. b3 Naxc3 {[%clk
0:10:36]} 22. Nxc3 {[%clk 0:19:03]} Nxc3 {[%clk 0:09:48]} 23. Kxc3 {[%clk
0:19:21]} Qb4+ {[%clk 0:10:07]} 24. Kb2 {[%clk 0:19:13]} a4 {[%clk 0:09:37]}
25. Qe1 {[%clk 0:18:06]} a3+ {[%clk 0:08:54]} 26. Ka2 {[%clk 0:18:26]} c5
{[%clk 0:04:09]} 27. Ne5 {[%clk 0:15:39]} Bg8 {[%clk 0:03:06]} 28. Nc6 {[%clk
0:13:53]} Qxe1 {[%clk 0:03:15]} 29. Rhxe1 {[%clk 0:12:45]} Rb6 {[%clk 0:02:12]}
30. Na7 {[%clk 0:09:00]} g6 {[%clk 0:01:30]} 31. Nb5 {[%clk 0:08:38]} gxf5
{[%clk 0:01:00]} 32. gxf5 {[%clk 0:07:46]} Bg7 {[%clk 0:01:23]} 33. Re2 {[%clk
0:06:57]} Bh7 {[%clk 0:01:32]} 34. Rf1 {[%clk 0:06:36]} O-O {[%clk 0:01:23]}
35. Rxe7 {[%clk 0:06:04]} Rf6 {[%clk 0:01:01]} 36. Re5 {[%clk 0:04:49]} Rc8
{[%clk 0:00:37]} 37. Rd5 {[%clk 0:03:27]} Rcc6 {[%clk 0:00:34]} 38. Rd8+ {[%clk
0:03:14]} Bf8 {[%clk 0:00:58]} 39. Rg1+ {[%clk 0:03:35]} Bg6 {[%clk 0:00:32]}
40. fxg6 {[%clk 0:03:43]} 1-0

[Event "DEM U18w 2021"]
[Site "Willingen GER"]
[Date "2021.08.26"]
[Round "5"]
[White "Zell, Hannah"]
[Black "Falke, Ornella"]
[Result "0-1"]
[Termination "normal"]
[Board "11"]
[WhiteElo "1614"]
[BlackElo "1674"]
[WhiteClock "00:00:36"]
[BlackClock "00:10:31"]
[PlyCount "105"]
[WhiteFideId "16208900"]
[BlackFideId "16207092"]
[EventCountry "GER"]
[EventRounds "9"]
[EventType "swiss"]
[EventDate "2021.08.22"]

1. e4 {[%clk 1:30:53]} e5 {[%clk 1:30:51]} 2. Nf3 {[%clk 1:31:04]} Nc6 {[%clk
1:31:16]} 3. Bb5 {[%clk 1:30:41]} a6 {[%clk 1:31:38]} 4. Ba4 {[%clk 1:31:05]}
Nf6 {[%clk 1:31:57]} 5. O-O {[%clk 1:29:55]} Be7 {[%clk 1:32:20]} 6. Re1 {[%clk
1:29:41]} b5 {[%clk 1:32:42]} 7. Bb3 {[%clk 1:29:51]} O-O {[%clk 1:33:04]} 8.
c3 {[%clk 1:29:47]} d5 {[%clk 1:32:42]} 9. d3 {[%clk 1:17:33]} Bg4 {[%clk
1:23:58]} 10. h3 {[%clk 1:04:43]} Bh5 {[%clk 1:23:11]} 11. Nbd2 {[%clk
1:04:31]} dxe4 {[%clk 1:13:33]} 12. dxe4 {[%clk 1:04:03]} Na5 {[%clk 0:55:46]}
13. Bc2 {[%clk 0:54:39]} Nd7 {[%clk 0:55:08]} 14. Nf1 {[%clk 0:49:37]} Rc8
{[%clk 0:50:08]} 15. Ne3 {[%clk 0:45:25]} Nb7 {[%clk 0:45:12]} 16. a4 {[%clk
0:40:16]} Bc5 {[%clk 0:44:36]} 17. Nf5 {[%clk 0:37:14]} Re8 {[%clk 0:41:22]}
18. Ng3 {[%clk 0:31:52]} Bg6 {[%clk 0:41:37]} 19. Nh2 {[%clk 0:25:53]} Nd6
{[%clk 0:39:13]} 20. Qe2 {[%clk 0:20:29]} Bb6 {[%clk 0:34:35]} 21. Be3 {[%clk
0:17:29]} Bxe3 {[%clk 0:24:53]} 22. Qxe3 {[%clk 0:17:51]} Nc4 {[%clk 0:23:27]}
23. Qc1 {[%clk 0:17:33]} Qf6 {[%clk 0:23:18]} 24. axb5 {[%clk 0:16:00]} axb5
{[%clk 0:23:41]} 25. b3 {[%clk 0:15:13]} Ncb6 {[%clk 0:22:30]} 26. Bd3 {[%clk
0:13:01]} Nc5 {[%clk 0:22:14]} 27. Qc2 {[%clk 0:11:18]} Nxd3 {[%clk 0:21:47]}
28. Qxd3 {[%clk 0:11:46]} c6 {[%clk 0:21:52]} 29. Qe3 {[%clk 0:11:20]} Nd7
{[%clk 0:20:43]} 30. Ra7 {[%clk 0:10:19]} Nf8 {[%clk 0:18:02]} 31. Nf3 {[%clk
0:09:51]} Qd8 {[%clk 0:17:11]} 32. Rea1 {[%clk 0:09:15]} f6 {[%clk 0:16:01]}
33. Nd2 {[%clk 0:08:17]} Ne6 {[%clk 0:15:39]} 34. Ne2 {[%clk 0:07:12]} c5
{[%clk 0:12:55]} 35. Nc1 {[%clk 0:05:17]} Re7 {[%clk 0:13:06]} 36. Rxe7 {[%clk
0:03:55]} Qxe7 {[%clk 0:13:31]} 37. Kf1 {[%clk 0:01:38]} Rd8 {[%clk 0:13:25]}
38. Ra2 {[%clk 0:00:37]} Qd6 {[%clk 0:13:10]} 39. Ne2 {[%clk 0:00:34]} Ng5
{[%clk 0:09:46]} 40. f3 {[%clk 0:00:45]} Bf7 {[%clk 0:09:32]} 41. Nc1 {[%clk
0:00:32]} Ne6 {[%clk 0:08:59]} 42. g3 {[%clk 0:22:00]} h5 {[%clk 0:36:33]} 43.
h4 {[%clk 0:20:53]} Qd7 {[%clk 0:32:14]} 44. f4 {[%clk 0:11:05]} exf4 {[%clk
0:31:48]} 45. gxf4 {[%clk 0:11:33]} Qd6 {[%clk 0:28:56]} 46. Ne2 {[%clk
0:09:45]} Nf8 {[%clk 0:28:16]} 47. Qg3 {[%clk 0:01:18]} Bxb3 {[%clk 0:12:51]}
48. Nxb3 {[%clk 0:00:36]} Qd1+ {[%clk 0:13:16]} 49. Kf2 {[%clk 0:00:34]} Qxb3
{[%clk 0:13:38]} 50. Ra7 {[%clk 0:00:35]} Nd7 {[%clk 0:13:01]} 51. Qd3 {[%clk
0:00:41]} Qe6 {[%clk 0:13:00]} 52. Qxb5 {[%clk 0:00:33]} Qg4 {[%clk 0:10:31]}
53. Rxd7 {[%clk 0:00:36]} 0-1

[Event "DEM U18w 2021"]
[Site "Willingen GER"]
[Date "2021.08.26"]
[Round "6"]
[White "Peglau, Sarah"]
[Black "Wagner, Victoria"]
[Result "1-0"]
[Termination "normal"]
[Board "1"]
[WhiteElo "1888"]
[BlackElo "1657"]
[WhiteClock "00:12:26"]
[BlackClock "00:00:36"]
[PlyCount "81"]
[WhiteFideId "16219961"]
[BlackFideId "16232348"]
[EventCountry "GER"]
[EventRounds "9"]
[EventType "swiss"]
[EventDate "2021.08.22"]

1. d4 {[%clk 1:30:57]} d5 {[%clk 1:30:51]} 2. c4 {[%clk 1:31:22]} e6 {[%clk
1:31:17]} 3. Nc3 {[%clk 1:31:47]} Nf6 {[%clk 1:31:38]} 4. Bg5 {[%clk 1:32:02]}
Be7 {[%clk 1:31:35]} 5. e3 {[%clk 1:32:01]} h6 {[%clk 1:31:20]} 6. Bxf6 {[%clk
1:31:09]} Bxf6 {[%clk 1:31:40]} 7. Nf3 {[%clk 1:31:18]} O-O {[%clk 1:30:44]} 8.
Rc1 {[%clk 1:24:43]} c6 {[%clk 1:21:50]} 9. Bd3 {[%clk 1:17:18]} Nd7 {[%clk
1:10:43]} 10. cxd5 {[%clk 1:17:15]} exd5 {[%clk 1:10:24]} 11. b4 {[%clk
1:14:47]} a6 {[%clk 1:00:14]} 12. O-O {[%clk 1:13:39]} Nb6 {[%clk 0:57:48]} 13.
Qb3 {[%clk 1:09:07]} Be6 {[%clk 0:56:10]} 14. Nd2 {[%clk 1:05:51]} Be7 {[%clk
0:53:36]} 15. a4 {[%clk 1:04:04]} Qd7 {[%clk 0:45:41]} 16. Rc2 {[%clk 0:44:32]}
Bd6 {[%clk 0:37:23]} 17. Rfc1 {[%clk 0:39:01]} Qe7 {[%clk 0:33:34]} 18. b5
{[%clk 0:29:08]} cxb5 {[%clk 0:33:10]} 19. axb5 {[%clk 0:29:17]} a5 {[%clk
0:33:20]} 20. Na4 {[%clk 0:28:25]} Nxa4 {[%clk 0:27:24]} 21. Qxa4 {[%clk
0:28:52]} Bd7 {[%clk 0:23:43]} 22. Qa2 {[%clk 0:24:51]} Qg5 {[%clk 0:19:35]}
23. b6 {[%clk 0:23:46]} Rfe8 {[%clk 0:16:46]} 24. Nb3 {[%clk 0:21:25]} Bc6
{[%clk 0:06:39]} 25. Nc5 {[%clk 0:19:33]} Bxc5 {[%clk 0:03:09]} 26. Rxc5 {[%clk
0:20:02]} Rxe3 {[%clk 0:02:52]} 27. fxe3 {[%clk 0:17:42]} Qxe3+ {[%clk
0:03:17]} 28. Qf2 {[%clk 0:17:27]} Qxd3 {[%clk 0:03:31]} 29. Qf4 {[%clk
0:16:43]} Qb3 {[%clk 0:01:03]} 30. Qc7 {[%clk 0:15:39]} Qe3+ {[%clk 0:00:56]}
31. Kh1 {[%clk 0:16:07]} Re8 {[%clk 0:01:09]} 32. Rf1 {[%clk 0:15:04]} Re7
{[%clk 0:00:55]} 33. Qc8+ {[%clk 0:15:16]} Re8 {[%clk 0:01:05]} 34. Qf5 {[%clk
0:15:33]} Re7 {[%clk 0:01:18]} 35. Rxc6 {[%clk 0:13:53]} bxc6 {[%clk 0:01:06]}
36. b7 {[%clk 0:14:07]} Re8 {[%clk 0:00:45]} 37. Qxf7+ {[%clk 0:13:40]} Kh7
{[%clk 0:00:50]} 38. Qf5+ {[%clk 0:12:36]} g6 {[%clk 0:00:40]} 39. Qf7+ {[%clk
0:12:54]} Kh8 {[%clk 0:01:00]} 40. h3 {[%clk 0:12:07]} Qe6 {[%clk 0:00:36]} 41.
Qxe6 {[%clk 0:12:26]} 1-0

[Event "DEM U18w 2021"]
[Site "Willingen GER"]
[Date "2021.08.26"]
[Round "6"]
[White "Basovskiy, Jana"]
[Black "Schneider, Katharina"]
[Result "1/2-1/2"]
[Termination "normal"]
[Board "2"]
[WhiteElo "1784"]
[BlackElo "1738"]
[WhiteClock "00:24:41"]
[BlackClock "00:29:23"]
[PlyCount "83"]
[WhiteFideId "16208617"]
[BlackFideId "16200519"]
[EventCountry "GER"]
[EventRounds "9"]
[EventType "swiss"]
[EventDate "2021.08.22"]

1. e4 {[%clk 1:30:58]} e5 {[%clk 1:30:55]} 2. Nf3 {[%clk 1:31:24]} Nc6 {[%clk
1:31:22]} 3. Bb5 {[%clk 1:31:50]} a6 {[%clk 1:31:48]} 4. Bxc6 {[%clk 1:32:14]}
dxc6 {[%clk 1:32:09]} 5. O-O {[%clk 1:32:39]} f6 {[%clk 1:32:22]} 6. d4 {[%clk
1:32:53]} exd4 {[%clk 1:32:31]} 7. Nxd4 {[%clk 1:33:16]} c5 {[%clk 1:32:17]} 8.
Nb3 {[%clk 1:33:39]} Qxd1 {[%clk 1:32:29]} 9. Rxd1 {[%clk 1:34:04]} Bd7 {[%clk
1:21:41]} 10. Bf4 {[%clk 1:25:31]} O-O-O {[%clk 1:20:19]} 11. Nc3 {[%clk
1:25:08]} g5 {[%clk 1:17:41]} 12. Be3 {[%clk 1:19:17]} b6 {[%clk 1:08:03]} 13.
Nd5 {[%clk 1:04:58]} Be6 {[%clk 0:41:13]} 14. c4 {[%clk 0:51:33]} Bd6 {[%clk
0:34:11]} 15. Bd2 {[%clk 0:34:24]} h5 {[%clk 0:32:15]} 16. Bc3 {[%clk 0:34:03]}
Rh6 {[%clk 0:30:27]} 17. Rd3 {[%clk 0:30:55]} Kb7 {[%clk 0:20:54]} 18. Rad1
{[%clk 0:26:26]} Rf8 {[%clk 0:17:32]} 19. Nd2 {[%clk 0:22:12]} g4 {[%clk
0:10:17]} 20. Nf1 {[%clk 0:17:11]} h4 {[%clk 0:10:15]} 21. b3 {[%clk 0:15:37]}
Ne7 {[%clk 0:07:14]} 22. Nxe7 {[%clk 0:10:41]} Bxe7 {[%clk 0:07:40]} 23. Ne3
{[%clk 0:10:46]} Bd6 {[%clk 0:07:14]} 24. Nd5 {[%clk 0:10:27]} Rf7 {[%clk
0:06:52]} 25. Bd2 {[%clk 0:05:43]} Rh5 {[%clk 0:04:57]} 26. Bc3 {[%clk
0:05:08]} Rh6 {[%clk 0:05:08]} 27. a4 {[%clk 0:04:22]} a5 {[%clk 0:05:20]} 28.
Bb2 {[%clk 0:04:05]} Rg6 {[%clk 0:04:09]} 29. R1d2 {[%clk 0:03:13]} Be5 {[%clk
0:02:57]} 30. Bxe5 {[%clk 0:01:52]} fxe5 {[%clk 0:03:25]} 31. Nc3 {[%clk
0:01:53]} Rfg7 {[%clk 0:02:48]} 32. Ne2 {[%clk 0:01:28]} Rf7 {[%clk 0:02:30]}
33. Nc3 {[%clk 0:01:33]} Rh6 {[%clk 0:02:36]} 34. Rd8 {[%clk 0:01:15]} Rfh7
{[%clk 0:02:08]} 35. Re8 {[%clk 0:01:22]} g3 {[%clk 0:01:56]} 36. fxg3 {[%clk
0:01:11]} hxg3 {[%clk 0:02:17]} 37. h3 {[%clk 0:01:37]} Bxh3 {[%clk 0:02:06]}
38. gxh3 {[%clk 0:01:31]} Rxh3 {[%clk 0:02:31]} 39. Ne2 {[%clk 0:01:20]} Rh1+
{[%clk 0:01:14]} 40. Kg2 {[%clk 0:01:45]} R7h3 {[%clk 0:00:40]} 41. Rg8 {[%clk
0:26:50]} R1h2+ {[%clk 0:29:23]} 42. Kg1 {[%clk 0:24:41]} 1/2-1/2

[Event "DEM U18w 2021"]
[Site "Willingen GER"]
[Date "2021.08.26"]
[Round "6"]
[White "Schmidt, Antonia"]
[Black "Müdder, Melanie"]
[Result "0-1"]
[Termination "normal"]
[Board "3"]
[WhiteElo "1651"]
[BlackElo "1959"]
[WhiteClock "00:34:50"]
[BlackClock "00:31:42"]
[PlyCount "30"]
[WhiteFideId "16291280"]
[BlackFideId "12994103"]
[EventCountry "GER"]
[EventRounds "9"]
[EventType "swiss"]
[EventDate "2021.08.22"]

1. c4 {[%clk 1:30:59]} Nf6 {[%clk 1:30:52]} 2. Nc3 {[%clk 1:31:24]} e5 {[%clk
1:31:13]} 3. g3 {[%clk 1:31:40]} c6 {[%clk 1:31:25]} 4. Bg2 {[%clk 1:24:10]} d5
{[%clk 1:30:41]} 5. cxd5 {[%clk 1:24:16]} cxd5 {[%clk 1:29:20]} 6. d4 {[%clk
1:22:20]} exd4 {[%clk 1:27:53]} 7. Qxd4 {[%clk 1:22:35]} Nc6 {[%clk 1:27:36]}
8. Qd1 {[%clk 1:14:02]} d4 {[%clk 1:10:59]} 9. Ne4 {[%clk 1:07:45]} Bb4+ {[%clk
0:59:37]} 10. Bd2 {[%clk 0:58:15]} Nxe4 {[%clk 0:50:58]} 11. Bxe4 {[%clk
0:56:29]} O-O {[%clk 0:48:54]} 12. a3 {[%clk 0:47:29]} Bxd2+ {[%clk 0:39:52]}
13. Qxd2 {[%clk 0:47:50]} Re8 {[%clk 0:39:41]} 14. Qc2 {[%clk 0:40:54]} f5
{[%clk 0:31:46]} 15. Bxf5 {[%clk 0:34:50]} Qa5+ {[%clk 0:31:42]} 0-1